ILLIT Jellyous English Lyrics (Kpop) - Statistics

General Stats
  • This quiz has been taken 51 times
    42 since last reset
  • The average score is 156 of 184
Answer Stats
Answer % Correct
boy
100%
hey
100%
jelly
100%
make
100%
me
100%
me?
100%
you
100%
jellyous
97%
(jellyous)
97%
wait
97%
"I
93%
I
93%
so
79%
back
76%
(back
76%
off
76%
off)
76%
sweetness
76%
this
76%
can't
72%
do
72%
for
72%
is
72%
lever
72%
don't
69%
flavor
69%
help
69%
much
69%
shower
69%
super
69%
wanna
69%
anything"
66%
but
66%
feeling
66%
kindness
66%
sunday?"
66%
up
66%
on
62%
"what's
62%
DM
52%
update
52%
baby
48%
check
41%
emoji
41%
never
41%
(crazy)
38%
date
38%
(please
34%
shape
21%
No matching quizzes found
Score Distribution
Percent of People with Each Score
Percentile by Number Answered
Your Score History
You have not taken this quiz since the last reset